[Event "Peer Gynt"]
[Site "Gausdal"]
[Date "1991.??.??"]
[Round "9"]
[White "Westerinen, Heikki MJ"]
[Black "Lauvsnes, Arild"]
[Result "1-0"]
[WhiteElo "2420"]
[BlackElo "2260"]

1.e4 e6 2.d4 d5 3.Nc3 Bb4 4.e5 Qd7 5.h4 b6 6.h5 h6 7.Qg4 Bf8 8.Be3 Ne7 9.f4 Nf5
10.Bf2 c5 11.Nf3 Ba6 12.Bxa6 Nxa6 13.Qh3 Nb4 14.O-O-O c4 15.g4 Ne7 16.f5 O-O-O
17.Bh4 Re8 18.Rhf1 exf5 19.gxf5 Nxf5 20.a3 Nxc2 21.e6 Qxe6 22.Ne5 Nce3 23.Nxd5 Nxf1
24.Nf4 N1e3 25.Nxe6 fxe6 26.Re1 Nd5 27.Ng6 Rg8 28.Rxe6 Rxe6 29.Qxf5  1-0

[Event "GER CupT"]
[Site "GER"]
[Date "1991.??.??"]
[Round "?"]
[White "Kovalev, Andrei"]
[Black "Casper, Thomas"]
[Result "1-0"]
[WhiteElo "2520"]
[BlackElo "2410"]

1.e4 e6 2.d4 d5 3.Nc3 Bb4 4.e5 Ne7 5.a3 Bxc3+ 6.bxc3 c5 7.Nf3 b6 8.a4 Ba6
9.Bb5+ Bxb5 10.axb5 Qc7 11.O-O Nd7 12.Bg5 Ng6 13.h4 h6 14.Bc1 Ne7 15.h5 O-O
16.Nh4 f5 17.Ra4 Rfc8 18.g4 cxd4 19.cxd4 Nf8 20.Kh2 Qxc2 21.Qxc2 Rxc2 22.Ba3 Rc7
23.Bxe7 Rxe7 24.gxf5 Rf7 25.Rc1 exf5 26.Rc6 Re8 27.Rd6 Ne6 28.Ng6 f4 29.Kh3 Ng5+
30.Kg4 Ne4 31.Rc6 Nxf2+ 32.Kf3 Ne4 33.Ra1 Ng5+ 34.Kg4 Ne6 35.Rac1 Nf8 36.Rc8 Rxc8
37.Rxc8 f3 38.e6  1-0

[Event "GER CupT"]
[Site "GER"]
[Date "1991.??.??"]
[Round "?"]
[White "Speckner, Roland"]
[Black "Hertneck, Gerald"]
[Result "0-1"]
[WhiteElo "2225"]
[BlackElo "2535"]

1.e4 e6 2.d4 d5 3.Nc3 Bb4 4.e5 Ne7 5.a3 Bxc3+ 6.bxc3 c5 7.h4 Nbc6 8.h5 cxd4
9.h6 g6 10.Nf3 Qa5 11.Bd3 dxc3 12.Bg5 d4 13.Bf6 O-O 14.Qc1 b6 15.Qg5 Nd5
16.Rh4 Ba6 17.Bxa6 Qxa6 18.Nxd4 Rac8 19.Nxc6 Rxc6 20.Be7 Re8 21.Rd1 Qc8 22.Bd6 f6
23.exf6 Rxd6 24.f7+ Kxf7 25.Qe5 Ke7 26.Qg7+ Kd8 27.Qxh7 Qd7 28.Qxg6 Ne7 29.Rxd6 Nxg6
30.Rxd7+ Kxd7 31.Rd4+ Ke7 32.Rc4 Kf6 33.Rxc3 Re7 34.Rh3 Rh7 35.Kd2 Ne5 36.Kc3 Kg6
37.Re3 Kf5 38.Rh3 Nf7 39.Rf3+ Ke5  0-1

[Event "BL2-N9091"]
[Site "Germany"]
[Date "1991.??.??"]
[Round "?"]
[White "Kaminski, Uwe"]
[Black "Behrens, Harald"]
[Result "1-0"]
[WhiteElo "2415"]
[BlackElo "2305"]

1.e4 e6 2.d4 d5 3.Nc3 Bb4 4.e5 Qd7 5.Bd2 Bxc3 6.Bxc3 b6 7.Qg4 f5 8.Qg3 Ba6
9.Bxa6 Nxa6 10.Ne2 Nb8 11.Nf4 Qf7 12.O-O-O Ne7 13.h4 c5 14.h5 Nbc6 15.h6 g6
16.Qg5 cxd4 17.Bxd4 Nxd4 18.Rxd4 O-O 19.Re1 Rac8 20.Kb1 Nc6 21.Rd2 Nd8 22.Re3 Qb7
23.Rg3 Nf7 24.Qf6 Nd8 25.Qh4 a5 26.Qh5 Qf7 27.Qg5 b5 28.Re3 a4 29.Rd4 Nc6
30.Rdd3 b4 31.Re2 Nd8 32.Rg3 Rb8 33.Rd3 Rc8 34.Nh3 Rc4 35.Qd2 Qc7 36.Ng5 Qb6
37.Nf3 Re4 38.Ng5 Rh4 39.Rh3 Rc4 40.Rd3 Rh4 41.Re1 Rc4 42.Rxd5 Rxc2 43.Qxc2 exd5
44.Qxa4 Qxf2 45.Rc1 Qh4 46.Qd7 Qxh6 47.e6 Qxg5 48.e7 Nf7 49.exf8=Q+ Kxf8
50.Qxd5 Qe3 51.Qc5+ Qxc5 52.Rxc5 Nd6 53.Kc2 h5 54.Kd3 Ke7 55.a4 bxa3 56.bxa3 h4
57.a4 Kd7 58.a5 Nb7 59.Rb5 Kc6 60.Rb6+ Kc7 61.Rxg6 Nxa5 62.Rf6 Nc6 63.Rxf5 Kd6
64.Rh5 Ne5+ 65.Ke4 Ng4 66.Rxh4  1-0

[Event "BL qual"]
[Site "Germany"]
[Date "1991.??.??"]
[Round "?"]
[White "Speckner, Roland"]
[Black "Behrens, Harald"]
[Result "1/2-1/2"]
[WhiteElo "2225"]
[BlackElo "2305"]

1.e4 e6 2.d4 d5 3.Nc3 Bb4 4.e5 Qd7 5.Qg4 f5 6.Qg3 b6 7.Nh3 Ba6 8.Bxa6 Nxa6
9.O-O Nb8 10.Ne2 Nc6 11.Nhf4 Bf8 12.c4 dxc4 13.b3 Nge7 14.bxc4 Nxd4 15.Nxd4 Qxd4
16.Ba3 Kf7 17.Rad1 Qxc4 18.Rc1 Qa4 19.Rxc7 Rc8 20.Rb7 Rg8 21.h4 Rc4 22.Bxe7 Bxe7
23.Qg5 Re8 24.Qh5+ Kg8 25.Rxa7 Qxa7 26.Qxe8+ Bf8 27.g3 Qe7 28.Qb8 Rxf4 29.gxf4 Qxh4
30.Qxb6 Qg4+ 31.Kh1 Qh4+  1/2-1/2

[Event "NRW-Liga II 9091"]
[Site "Germany"]
[Date "1991.??.??"]
[Round "?"]
[White "Morawietz, Dieter"]
[Black "Hollermann, Thomas"]
[Result "1-0"]
[WhiteElo "2300"]
[BlackElo "2265"]

1.e4 e6 2.d4 d5 3.Nc3 Bb4 4.e5 Qd7 5.Nh3 b6 6.Nf4 Bb7 7.Bd3 Nc6 8.Qg4 g6
9.Be3 O-O-O 10.O-O Nge7 11.Nb5 a6 12.c3 axb5 13.Bxb5 Kb8 14.Qe2 g5 15.Nh5 Nf5
16.Nf6 Qe7 17.a3 Nxe3 18.fxe3 Bd6 19.exd6 Qxd6 20.Qh5 Qe7 21.a4 Na7 22.Qxg5 Rhg8
23.Qe5 Rg7 24.Nd7+ Rxd7 25.Qxg7 f5 26.Qxe7 Rxe7 27.Rf3 Nxb5 28.axb5 Bc8 29.b3 Bd7
30.c4  1-0

[Event "BL2-S9091"]
[Site "Germany"]
[Date "1991.??.??"]
[Round "?"]
[White "Speckner, Roland"]
[Black "Martin, Thomas"]
[Result "0-1"]
[WhiteElo "2225"]
[BlackElo "2240"]

1.e4 e6 2.d4 d5 3.Nc3 Bb4 4.e5 b6 5.a3 Bf8 6.Bb5+ Bd7 7.Bd3 c5 8.Nf3 Nc6
9.O-O Nge7 10.Nb5 Ng6 11.c4 dxc4 12.Bxg6 hxg6 13.d5 Na5 14.Bg5 Qc8 15.Nc3 exd5
16.e6 Bxe6 17.Nxd5 Bd6 18.Re1 Qd7 19.Re4 Kf8 20.g3 Re8 21.Bf4 Nc6 22.Nxb6 axb6
23.Bxd6+ Kg8 24.Ne5 Qb7 25.Nxc4 Nd4 26.Nd2 Rd8 27.Be5 Nb3  0-1

[Event "BL2-N9091"]
[Site "Germany"]
[Date "1991.??.??"]
[Round "?"]
[White "Kaminski, Uwe"]
[Black "Lieb, Harald"]
[Result "0-1"]
[WhiteElo "2415"]
[BlackElo "2275"]

1.e4 e6 2.d4 d5 3.Nc3 Bb4 4.e5 Qd7 5.a3 Bxc3+ 6.bxc3 b6 7.Qg4 f5 8.Qg3 Ba6
9.Bxa6 Nxa6 10.Ne2 Nb8 11.Nf4 Nc6 12.Qg5 Qf7 13.h4 Nge7 14.h5 O-O-O 15.Rh3 Rhg8
16.Bd2 Rdf8 17.Rg3 Na5 18.Rd1 Nc4 19.Bc1 Nc6 20.Kf1 Nd8 21.Kg1 Qd7 22.Re1 Re8
23.Qh4 Qa4 24.Re2 Qb5 25.Nd3 Qb1 26.Kh2 Qa1 27.h6 g6 28.Bg5 Nf7 29.Be7 Nxh6
30.Qf6 Kd7 31.Bb4 Qd1 32.Nf4 a5 33.f3 axb4 34.Rh3 Rgf8 35.Qg7+ Rf7 36.Qxh6 bxa3  0-1

[Event "BL2-SW9091"]
[Site "Germany"]
[Date "1991.??.??"]
[Round "?"]
[White "Arnold, Lothar"]
[Black "Maier, Christian"]
[Result "0-1"]
[WhiteElo "2310"]
[BlackElo "2335"]

1.e4 e6 2.d4 d5 3.Nc3 Bb4 4.e5 Ne7 5.a3 Bxc3+ 6.bxc3 c5 7.Nf3 Nbc6 8.a4 Bd7
9.Bb5 Qa5 10.Bd2 c4 11.O-O h6 12.Bc1 Nb8 13.Bxd7+ Nxd7 14.Qd2 Nb6 15.Ba3 Nxa4
16.Bb4 Qa6 17.Qf4 Qc6 18.Qg4 Rg8 19.Nd2 a5 20.Bxe7 Kxe7 21.Qh3 Nb6 22.f4 Nd7
23.g4 a4 24.f5 Kd8 25.Qh5 Ke8 26.Kh1 a3 27.Ra2 g6 28.Qxh6 gxf5 29.gxf5 exf5
30.Qxc6 bxc6 31.Rxf5 Ke7 32.Rf1 f6 33.exf6+ Nxf6 34.Nb1 Ne4 35.Rxa3 Raf8
36.Ra7+ Ke6 37.Rxf8 Rxf8 38.Kg2 Rf2+ 39.Kh3 Rxc2 40.Ra6 Kf5 41.Na3 Rxc3+
42.Kg2 Rd3 43.Kf1 Kf4 44.Nc2 Rd1+ 45.Ne1 Ke3 46.Ra3+ c3  0-1

[Event "Anadalucia-chT"]
[Site "Granada"]
[Date "1991.??.??"]
[Round "2"]
[White "Perez Pardo, Juan Carlos"]
[Black "Garcia Luque, Agustin"]
[Result "1/2-1/2"]
[WhiteElo "2320"]
[BlackElo "2345"]

1.e4 e6 2.d4 d5 3.Nc3 Bb4 4.e5 Ne7 5.Bd2 Nf5 6.Nf3 c5 7.dxc5 Bxc5 8.Bd3 Nc6
9.Bxf5 exf5 10.Bg5 Be7 11.Bxe7 Nxe7 12.O-O O-O 13.Ne2 a5 14.Qd2 Be6 15.a4 Ng6
16.Nf4 Nxf4 17.Qxf4 Rc8 18.Qd2 Rc4 19.Nd4 Qb6 20.c3 Rfc8 21.Nb5 Rg4 22.Kh1 f4
23.f3 Rh4 24.Qd4 Qd8 25.Nd6 Rb8 26.Qa7 Rh5 27.Rfe1 h6 28.Rad1 Kh7 29.Qf2 Qg5
30.b4 axb4 31.cxb4 Rh4 32.Rd4 Qh5 33.Qg1 g5 34.a5 Rg8 35.Re2 g4 36.Rxf4 gxf3
37.Rxf3 Rxb4 38.Ref2 Qxe5 39.Nxf7 Qg7 40.Rg3 Rg4 41.Rxg4 Qxg4 42.Qc1 Qh5
43.Qc2+ Qg6 44.Qxg6+ Rxg6 45.Ne5 Rg7 46.Rb2 Rc7 47.h3 Kg7 48.Nd3 Kf6 49.Rb6 Ke7
50.Nf4 Bf7 51.Rxh6 d4 52.Kg1 Rc5 53.Rb6 Rxa5 54.Rxb7+ Kf6 55.Rd7 Ra4 56.Kf2 Be8
57.Rd8 Ke7 58.Rb8 Ra2+ 59.Kg3 Bc6 60.Rb1 d3 61.Nxd3 Ra3 62.Re1+ Kd6 63.Rd1 Bb5
64.Kf4 Rxd3  1/2-1/2

[Event "Groningen"]
[Site "Groningen"]
[Date "1991.??.??"]
[Round "8"]
[White "Schmittdiel, Eckhard"]
[Black "Brenninkmeijer, Joris"]
[Result "0-1"]
[WhiteElo "2490"]
[BlackElo "2525"]

1.e4 e6 2.d4 d5 3.Nc3 Bb4 4.e5 Ne7 5.a3 Bxc3+ 6.bxc3 c5 7.a4 Qa5 8.Qd2 Nbc6
9.Nf3 Bd7 10.Ba3 cxd4 11.cxd4 Qxd2+ 12.Kxd2 Nf5 13.c3 Na5 14.Ra2 Nc4+ 15.Bxc4 dxc4
16.a5 Bc6 17.Ke2 h5 18.Rha1 Kd7 19.Rb2 f6 20.Nd2 Bd5 21.Bc5 fxe5 22.dxe5 Kc6
23.Be3 Nxe3 24.fxe3 Bxg2 25.Rg1 Bh3 26.Rxg7 Bg4+ 27.Kf2 b5 28.axb6 axb6 29.Nxc4 Rhf8+
30.Kg3 b5 31.Nd2 Ra3 32.Nb3 Kd5 33.Rb7 Kc6 34.Re7 Kd5 35.Rb7 Kc6 36.Rg7 Kd5
37.Nd2 Rxc3 38.Rxb5+ Kc6 39.Rbb7 Rxe3+ 40.Kh4 Be2 41.Rbc7+ Kd5 42.Rgd7+ Kxe5
43.Nc4+ Bxc4 44.Rxc4 Rf2 45.Kxh5 Rxh2+ 46.Kg4 Rg2+ 47.Kh4 Re1 48.Kh3 Rg6
49.Kh2 Re2+ 50.Kh1 Re4 51.Rxe4+ Kxe4 52.Rd1 e5 53.Re1+ Kf4  0-1

[Event "Gyor-J"]
[Site "Gyor"]
[Date "1991.??.??"]
[Round "?"]
[White "Balazs, Attila"]
[Black "Mokcsay, Robert"]
[Result "0-1"]
[WhiteElo "2275"]
[BlackElo "2205"]

1.e4 e6 2.d4 d5 3.Nc3 Bb4 4.e5 b6 5.a3 Bf8 6.f4 Ne7 7.Be3 Ba6 8.Bxa6 Nxa6
9.Qd3 Nb8 10.Nf3 Nf5 11.Bf2 h5 12.O-O c5 13.Rad1 g6 14.dxc5 bxc5 15.Ne4 Nd7
16.Neg5 c4 17.Qc3 Bc5 18.Nd4 Nxd4 19.Bxd4 Qb6 20.b4 cxb3 21.cxb3 Rc8 22.Qe3 O-O
23.Nf3 Rb8 24.b4 Bxd4 25.Qxd4 Rfc8 26.Rc1 Kf8 27.g3 Qxd4+ 28.Nxd4 Nb6 29.Nc6 Rb7
30.Rc3 Rbc7 31.Rfc1 a6 32.Kf2 d4 33.Rc5 Na4 34.Nb8 Nxc5 35.Rxc5 Rxc5 36.Nd7+ Ke7
37.Nxc5 a5 38.Ke2 axb4 39.axb4 Rb8 40.Na6 Rb6  0-1

[Event "Hallsberg op"]
[Site "Hallsberg"]
[Date "1991.??.??"]
[Round "?"]
[White "Hall, Jesper"]
[Black "Strachan, Jan"]
[Result "0-1"]
[WhiteElo "2315"]
[BlackElo "2250"]

1.d4 e6 2.e4 d5 3.Nc3 Bb4 4.e5 Qd7 5.Bd2 b6 6.Bb5 c6 7.Ba4 a5 8.a3 Bxc3 9.Bxc3 Ba6
10.Bd2 Ne7 11.Ne2 Qc7 12.O-O Nd7 13.c3 Bd3 14.Bg5 Bg6 15.Nf4 b5 16.Bb3 a4
17.Ba2 Nf8 18.b3 h6 19.Bxe7 Qxe7 20.Qc1 Bh7 21.bxa4 Rxa4 22.Bb3 Ra7 23.a4 Ng6
24.Nd3 O-O 25.Qe3 Rfa8 26.Nc5 Nf8 27.Ra2 Nd7 28.Nxd7 Qxd7 29.Rfa1 c5 30.axb5 Rxa2
31.Rxa2 Rxa2 32.Bxa2 c4 33.Bxc4 dxc4 34.Qf3 Bc2 35.Qa8+ Kh7 36.Qa2 Bd3 37.Qa4 Be4
38.Qxc4 Qa7 39.f3 Bd5 40.Qb4 Qa1+ 41.Kf2 Qa2+ 42.Kg3 Bc4 43.Qe7 Bf1 44.Qxf7 Qxg2+
45.Kf4 Bxb5 46.h4 Bc6 47.Ke3 Qg1+ 48.Kf4 Qf2 49.Qh5 Qd2+ 50.Kg3 Qxc3 51.Qf7 Qe3
52.h5 Qg1+ 53.Kh3 Bb5 54.Qf4 Bf1+ 55.Kh4 Qh1+ 56.Kg3 Qg2+ 57.Kh4 Qh3+  0-1

[Event "CUB-ch"]
[Site "Holguin"]
[Date "1991.??.??"]
[Round "2"]
[White "Rodriguez, Amador"]
[Black "Pecorelli Garcia, Humberto"]
[Result "1-0"]
[WhiteElo "2530"]
[BlackElo "2390"]

1.e4 e6 2.d4 d5 3.Nc3 Bb4 4.e5 Ne7 5.a3 Bxc3+ 6.bxc3 c5 7.Qg4 Qc7 8.Qxg7 Rg8
9.Qxh7 cxd4 10.Ne2 Nbc6 11.Bf4 Bd7 12.Qd3 dxc3 13.Qxc3 Rc8 14.h4 d4 15.Qd2 Ng6
16.Bg3 Ngxe5 17.h5 Qd6 18.Rd1 Qxa3 19.Bxe5 Nxe5 20.Nxd4 Qc5 21.Rh3 a6 22.h6 Ba4
23.Be2 Ng6 24.Kf1 Bc6 25.Nxc6 Qxc6 26.Rd3 Qc7 27.Rd7 Qh2 28.Rd8+ Ke7 29.Qg5+  1-0

[Event "URS-ch U26"]
[Site "Kherson"]
[Date "1991.??.??"]
[Round "?"]
[White "Kruppa, Yuri"]
[Black "Komarov, Dimitri"]
[Result "1-0"]
[WhiteElo "2480"]
[BlackElo "2475"]

1.e4 e6 2.d4 d5 3.Nc3 Bb4 4.e5 Ne7 5.a3 Bxc3+ 6.bxc3 c5 7.Qg4 O-O 8.Bd3 Nbc6
9.Qh5 Nf5 10.Nf3 f6 11.g4 c4 12.gxf5 cxd3 13.Rg1 Ne7 14.exf6 Rxf6 15.Rxg7+ Kxg7
16.Qg5+ Ng6 17.fxg6 hxg6 18.Bf4 Bd7 19.Be5 dxc2 20.h4 Be8 21.Nh2 Kf7 22.Qh6 Ke7
23.Bxf6+ Kxf6 24.Qf8+ Bf7 25.Ng4+ Kf5 26.Qxf7+ Kxg4 27.Ke2  1-0

[Event "URS-ch U26"]
[Site "Kherson"]
[Date "1991.??.??"]
[Round "?"]
[White "Minasian, Artashes"]
[Black "Komarov, Dimitri"]
[Result "1/2-1/2"]
[WhiteElo "2495"]
[BlackElo "2475"]

1.e4 e6 2.d4 d5 3.Nc3 Bb4 4.e5 Ne7 5.a3 Bxc3+ 6.bxc3 c5 7.Qg4 O-O 8.Bd3 Nbc6
9.Qh5 Nf5 10.Nf3 f6 11.g4 c4 12.Be2 Nfe7 13.exf6 Rxf6 14.Ng5 h6 15.Nh3 Qa5
16.Bd2 Bd7 17.f4 Be8 18.Qh4 Bg6 19.Bd1 Raf8 20.Rg1 R6f7 21.Rg2 Be4 22.Rf2 Qb6
23.Bc1 Qa5 24.Bd2 Qb6  1/2-1/2

[Event "Krumbach op"]
[Site "Krumbach"]
[Date "1991.??.??"]
[Round "2"]
[White "Barthel, Bergit"]
[Black "Panzer, Peter"]
[Result "0-1"]
[WhiteElo "2095"]
[BlackElo "2285"]

1.e4 e6 2.d4 d5 3.Nc3 Bb4 4.e5 b6 5.Qg4 Bf8 6.Bg5 Qd7 7.f4 Nc6 8.Nf3 Nge7
9.Qh3 h6 10.Bh4 h5 11.O-O-O Bb7 12.a3 Nf5 13.Bg5 Be7 14.Bxe7 Nfxe7 15.Qg3 Nf5
16.Qf2 O-O-O 17.Bd3 Nce7 18.g3 Kb8 19.h3 Nh6 20.Rhg1 f5 21.exf6 gxf6 22.Rde1 Rdg8
23.Qe2 Bc8 24.Ba6 Bxa6 25.Qxa6 Nf7 26.Qe2 Nd8 27.g4 hxg4 28.hxg4 Ng6 29.Qe3 Rh3
30.Rh1 Qh7 31.Rxh3 Qxh3 32.g5 Qf5 33.gxf6 Nxf4 34.Qe5 Qxe5 35.Nxe5 Kc8 36.Rf1 Nh5
37.f7 Rf8 38.Rh1 Nf6 39.Rh6 Nd7 40.Rh7 Nxe5 41.dxe5 Rxf7 42.Rh5 Rf2 43.Kd1 Nf7
44.Nb5 a6 45.Nd4 Kd7 46.Rh7 c5 47.Ke1 Rf4 48.Ne2 Rf5 49.Kd2 Kc6 50.Ng3 Rf3
51.Ne2 Nxe5 52.Re7 Nc4+  0-1

[Event "Krumbach op"]
[Site "Krumbach"]
[Date "1991.??.??"]
[Round "5"]
[White "Singer, Christoph"]
[Black "Vogel, Jaap"]
[Result "1/2-1/2"]
[WhiteElo "2315"]
[BlackElo "2325"]

1.e4 e6 2.d4 d5 3.Nc3 Bb4 4.e5 b6 5.a3 Bf8 6.Bb5+ c6 7.Ba4 a5 8.Nf3 Ba6 9.Ne2 Bb5
10.Bb3 Ne7 11.c3 c5 12.O-O Nbc6 13.Re1 Nf5 14.Bc2 Nh4 15.Nxh4 Qxh4 16.Nf4 g6
17.Ba4 Bxa4 18.Qxa4 Rc8 19.c4 Bg7 20.cxd5 exd5 21.Nxd5 O-O 22.Be3 Qd8 23.Nf6+ Bxf6
24.exf6 Nxd4 25.Bxd4 cxd4 26.Rad1 Qxf6 27.Qxd4  1/2-1/2

[Event "Krumbach op"]
[Site "Krumbach"]
[Date "1991.??.??"]
[Round "9"]
[White "Ehrler, Eberhard"]
[Black "Hutter, Otto"]
[Result "1/2-1/2"]
[WhiteElo "2220"]
[BlackElo "2250"]

1.e4 e6 2.d4 d5 3.Nc3 Bb4 4.e5 Ne7 5.Qg4 c5 6.Nf3 Nbc6 7.Bb5 Nf5 8.O-O O-O
9.Bg5 Qc7 10.Bf6 Kh8 11.Bd3 gxf6 12.Bxf5 exf5 13.Qh4 Bxc3 14.Qxf6+  1/2-1/2

[Event "ESP-chT"]
[Site "Linares"]
[Date "1991.??.??"]
[Round "?"]
[White "Fernandez Garcia, Jose L"]
[Black "Guerra Bastida, Diego"]
[Result "1-0"]
[WhiteElo "2455"]
[BlackElo "2325"]

1.e4 e6 2.d4 d5 3.Nc3 Bb4 4.e5 Ne7 5.a3 Bxc3+ 6.bxc3 c5 7.Qg4 O-O 8.Bd3 f5
9.exf6 Rxf6 10.Bg5 Rf7 11.Qh5 g6 12.Qd1 Nbc6 13.Nf3 Qd6 14.O-O Bd7 15.Re1 c4
16.Bf1 Nf5 17.a4 Qf8 18.Bc1 Qg7 19.g3 h6 20.Ba3 g5 21.Qe2 Rf6 22.Bg2 Be8
23.h3 Bg6 24.Nh2 Bf7 25.Ng4 Rg6 26.Qd2 Rd8 27.Re2 h5 28.Ne5 Nxe5 29.Rxe5 g4
30.h4 Qh6 31.Qe1 Kh7 32.Qb1 b6 33.a5 Qd2 34.axb6 Rf6 35.Qe1 Qxe1+ 36.Rexe1 axb6
37.Bc1 Rd7 38.Bg5 Rg6 39.Ra6 Rb7 40.Rea1 Be8 41.Rb1 b5 42.Bf4 Bd7 43.Kh2 Ne7
44.f3 Nc6 45.fxg4 hxg4 46.Bd6 Rg7 47.Kg1 Be8 48.Bc5 Bd7 49.Ra8 Ne7 50.Bd6 Nf5
51.Bf4 Rb6 52.Be5 Bc6 53.Rf8 Ra7 54.Rf1 Ra8 55.Rf7+ Kg8 56.Rf6 Rf8 57.R1xf5 exf5
58.Rxc6  1-0

[Event "ESP-ch"]
[Site "Lleida"]
[Date "1991.??.??"]
[Round "1"]
[White "Serra Olives, Tomas"]
[Black "Jimenez, F."]
[Result "1-0"]
[WhiteElo "2200"]
[BlackElo "2330"]

1.e4 e6 2.d4 d5 3.Nc3 Bb4 4.e5 Qd7 5.Qg4 f5 6.Qg3 b6 7.a3 Bf8 8.Bg5 Ba6 9.Nge2 Nc6
10.O-O-O Na5 11.Nf4 Bxf1 12.Rhxf1 c6 13.Qh4 Qf7 14.g4 h6 15.Nfe2 Ne7 16.Bxe7 Bxe7
17.Qh3 f4 18.Qd3 Nc4 19.Ng1 h5 20.g5 Bxg5 21.Nf3 Be7 22.Rg1 O-O-O 23.Rg2 Bf8
24.Rdg1 Rh6 25.Ne2 c5 26.Ng5 Qd7 27.b3 Na5 28.Qa6+ Nb7 29.Nc3 Kb8 30.Nb5 Na5
31.dxc5 Rc8 32.b4 Nc4 33.cxb6 axb6 34.Nf3 Qb7 35.Qa4 g6 36.Rxg6 Rxg6 37.Rxg6 d4
38.Nbxd4 Qe4 39.Rxe6 Bg7 40.Re7 Bxe5 41.Qa7+  1-0

[Event "ESP-ch"]
[Site "Lleida"]
[Date "1991.??.??"]
[Round "4"]
[White "De la Riva Aguado, Oscar"]
[Black "Mellado Trivino, Juan"]
[Result "1/2-1/2"]
[WhiteElo "2345"]
[BlackElo "2280"]

1.e4 e6 2.d4 d5 3.Nc3 Bb4 4.e5 b6 5.a3 Bf8 6.Bb5+ c6 7.Ba4 Bd7 8.Bb3 c5 9.dxc5 Bxc5
10.Qg4 Ne7 11.Bg5 Nbc6 12.Nf3 Qb8 13.Bxe7 Nxe5 14.Qxg7 Nxf3+ 15.gxf3 Kxe7
16.Qg5+ Ke8 17.O-O-O Be7 18.Qe3 Bc6  1/2-1/2

[Event "ESP-ch"]
[Site "Lleida"]
[Date "1991.??.??"]
[Round "6"]
[White "Torrecillas Martinez, Antonio"]
[Black "Castillo, Jose"]
[Result "1/2-1/2"]
[WhiteElo "2360"]
[BlackElo "2200"]

1.e4 e6 2.d4 d5 3.Nc3 Bb4 4.e5 Qd7 5.a3 Bxc3+ 6.bxc3 b6 7.Qg4 f5 8.Qg3 Ba6
9.Ne2 Nc6 10.Qg5 Qf7 11.h4 Nge7 12.h5  1/2-1/2

[Event "USA-op Los Angeles"]
[Site "Los Angeles"]
[Date "1991.??.??"]
[Round "?"]
[White "Garcia, Gildardo"]
[Black "Young, Angelo"]
[Result "1/2-1/2"]
[WhiteElo "2470"]
[BlackElo "2245"]

1.e4 e6 2.d4 d5 3.Nc3 Bb4 4.e5 b6 5.a3 Bxc3+ 6.bxc3 Ne7 7.Qg4 Nf5 8.Bd3 h5
9.Qh3 Ba6 10.Bxf5 exf5 11.Qxf5 Qd7 12.Qxd7+ Kxd7 13.Be3 Nc6 14.Ne2 Bxe2 15.Kxe2 Na5
16.h4 Nc4 17.Rh3 Ke6 18.Rg3 Rh7 19.Rg5 Re8 20.a4 a5 21.g4 Reh8 22.Rg1 hxg4
23.R5xg4 Rxh4 24.Rxh4 Rxh4 25.Rxg7 Nb2 26.Bg5 Rh3 27.Rg8 Nxa4 28.Re8+ Kf5
29.Bd2 Nxc3+ 30.Bxc3 Rxc3 31.Re7 Kg6 32.Kd2 Rc4 33.c3 a4 34.Rd7 a3 35.Kc2 c5
36.dxc5 Rxc5 37.Kb3 Kf5 38.Rxf7+ Kxe5 39.Ra7 Ra5 40.Rxa5 bxa5 41.Kxa3 d4  1/2-1/2

[Event "Lyngby op"]
[Site "Lyngby"]
[Date "1991.??.??"]
[Round "2"]
[White "Mortensen, Erling"]
[Black "Voigt, Martin"]
[Result "1/2-1/2"]
[WhiteElo "2450"]
[BlackElo "2240"]

1.e4 e6 2.d4 d5 3.Nc3 Bb4 4.e5 Qd7 5.Nf3 b6 6.Bd2 Ba6 7.Bxa6 Nxa6 8.Ne2 Bf8
9.Nf4 c5 10.Qe2 Nb4 11.Bxb4 cxb4 12.O-O h5 13.a3 bxa3 14.c4 axb2 15.Qxb2 Ne7
16.Rfc1 g6 17.cxd5 Bh6 18.d6 Bxf4 19.Rc7 Qxc7 20.dxc7 O-O 21.g3 Bh6 22.d5 Nxd5
23.Nd4 Nxc7 24.Nc6 Nd5 25.Nxa7 Rfd8 26.Nb5 Rxa1+ 27.Qxa1 Bf8 28.Qa7 Bc5 29.Kf1 Kg7
30.Ke2 g5 31.Qa4 Nb4 32.Nd6 g4 33.Ne8+ Kf8 34.Nf6 Nd5 35.Qa7 Bd4 36.Nh7+ Kg8
37.Ng5 Rf8 38.f4 gxf3+ 39.Nxf3 Bc5 40.Qa6 Rd8 41.Qc4 Ra8 42.Kd2 Bb4+ 43.Kc1 Ra1+
44.Kb2 Bc3+ 45.Kb3 Rb1+ 46.Ka2 Ra1+ 47.Kb3 Rb1+ 48.Ka2 Rb2+ 49.Ka3 Rb4 50.Qxc3 Nxc3
51.Kxb4 Nd5+ 52.Kb5 Kg7 53.h3 Kg6 54.g4 hxg4 55.hxg4 Ne3 56.Kxb6 Nxg4 57.Kc7 Kf5
58.Kd6 Nxe5 59.Nxe5 f6 60.Nd7 e5 61.Kd5 e4 62.Kd4 Kf4  1/2-1/2

[Event "Manzanillo"]
[Site "Manzanillo"]
[Date "1991.??.??"]
[Round "7"]
[White "Sariego, Wilfredo"]
[Black "Gonzales, JA."]
[Result "1/2-1/2"]
[WhiteElo "2435"]
[BlackElo "2320"]

1.e4 e6 2.d4 d5 3.Nc3 Bb4 4.e5 b6 5.Nf3 Bf8 6.Be2 c5 7.O-O Ba6 8.Bxa6 Nxa6
9.Ne2 Nb8 10.c3 Nc6 11.Be3 Qd7 12.Nd2  1/2-1/2

[Event "WchT U26"]
[Site "Maringa"]
[Date "1991.??.??"]
[Round "4"]
[White "Watanabe, Roberto"]
[Black "Matsuura, Everaldo"]
[Result "1-0"]
[WhiteElo "2325"]
[BlackElo "2350"]

1.e4 e6 2.d4 d5 3.Nc3 Bb4 4.e5 Qd7 5.a3 Bxc3+ 6.bxc3 b6 7.Qg4 f5 8.Qg3 Ba6
9.Bxa6 Nxa6 10.Ne2 Nb8 11.Nf4 Nc6 12.Nxe6 Qxe6 13.Qxg7 Nd8 14.Qxh8 Qg6 15.e6 Nc6
16.Bf4 Kf8 17.O-O Re8 18.Rae1 Re7 19.Re3  1-0

[Event "WchT U26"]
[Site "Maringa"]
[Date "1991.??.??"]
[Round "8"]
[White "Sanchez Almeyra, Jorge"]
[Black "Rodriguez, Adolfo I"]
[Result "1-0"]
[WhiteElo "2415"]
[BlackElo "2245"]

1.e4 e6 2.d4 d5 3.Nc3 Bb4 4.e5 Ne7 5.Bd2 b6 6.Nf3 O-O 7.Bd3 c5 8.Bxh7+ Kxh7
9.Ng5+ Kg6 10.h4 Qe8 11.Qg4 Nf5 12.h5+ Kh6 13.Nge4+ Kh7 14.h6  1-0

[Event "Melbourne Masters"]
[Site "Melbourne"]
[Date "1991.??.??"]
[Round "4"]
[White "Solomon, Stephen J"]
[Black "Johansen, Darryl K"]
[Result "1/2-1/2"]
[WhiteElo "2420"]
[BlackElo "2465"]

1.e4 e6 2.d4 d5 3.Nc3 Bb4 4.e5 b6 5.Qg4 Bf8 6.Bb5+ c6 7.Ba4 Bd7 8.Nf3 Ne7
9.Bg5 h6 10.Bxe7 Qxe7 11.O-O Na6 12.Ne2 c5 13.dxc5 h5 14.Qf4 Nxc5 15.Bxd7+ Qxd7
16.Rfd1 Qa4 17.Ned4 Be7 18.b3 Qa6 19.Ng5 O-O 20.b4 Nd7 21.Nc6 Rae8 22.a4 Qe2
23.c4 Bxg5 24.Qxg5 Qxc4 25.Ne7+ Rxe7 26.Qxe7 Nxe5 27.Qxa7 Qxb4 28.Rdb1 Qf4
29.Qxb6 Ng4 30.g3 Qf5 31.a5 Ne5 32.Qe3 g5 33.Rd1 Rc8 34.a6 Ng4 35.Qe2 Rc2
36.Qxc2 Qxc2 37.Rf1 Nxf2 38.Rxf2 Qc3 39.Raa2 Qe1+ 40.Kg2 Qe4+ 41.Kg1  1/2-1/2

[Event "Mexico City"]
[Site "Mexico"]
[Date "1991.??.??"]
[Round "1"]
[White "Hernandez, Gilberto"]
[Black "Gonzalez, J."]
[Result "1-0"]
[WhiteElo "2525"]
[BlackElo "2090"]

1.e4 e6 2.d4 d5 3.Nc3 Bb4 4.e5 Qd7 5.Bd2 b6 6.Bb5 c6 7.Ba4 a5 8.a3 Bxc3 9.Bxc3 Ba6
10.Qg4 f5 11.Qg3 Bb5 12.Bxb5 cxb5 13.Ne2 Nc6 14.O-O g6 15.Bd2 Kf7 16.Qd3 Rc8
17.b3 Nd8 18.Nc3 Rxc3 19.Qxc3 Ne7 20.Bg5 Ndc6 21.Qd3 Nb8 22.Rfc1 Rc8 23.Bxe7 Kxe7
24.Kf1 Rc7 25.c3 Kf7 26.Rc2 Qc6 27.Rac1 a4 28.bxa4 Qc4 29.Qxc4 bxc4 30.a5 bxa5
31.Rb2 Nc6 32.Rcb1 Ke7 33.Rb7 Kd7 34.Ke2 h6 35.Kf3 Kc8 36.Rxc7+ Kxc7 37.a4 Nb8
38.Rb5 Nc6 39.h4 g5 40.Kg3 Kc8 41.hxg5 hxg5 42.f4  1-0

[Event "POL-chT"]
[Site "Mikolajki"]
[Date "1991.??.??"]
[Round "4"]
[White "Kuczynski, Robert"]
[Black "Gdanski, Jacek"]
[Result "1-0"]
[WhiteElo "2465"]
[BlackElo "2420"]

1.e4 e6 2.d4 d5 3.Nc3 Bb4 4.e5 Ne7 5.a3 Bxc3+ 6.bxc3 c5 7.h4 Qc7 8.h5 h6
9.Nf3 Bd7 10.a4 Nbc6 11.Bb5 cxd4 12.cxd4 Nb4 13.O-O Qxc2 14.Qe1 Bxb5 15.axb5 Nd3
16.Qa5 O-O 17.Bd2 b6 18.Qa3 Nf5 19.Rab1 Qc4 20.Rb3 Nxd4 21.Nxd4 Qxd4 22.Rxd3 Qxe5
23.Rh3 d4 24.Qd3 Rfd8 25.Re1 Qd5 26.Rh4 Rac8 27.Qg3 Kh8 28.Rg4 Rg8 29.Re5 Qd7
30.Qd3 Rcd8 31.Rg3 f6 32.Re1 Qd5 33.Qg6 Qf5 34.Qxf5 exf5 35.Ra1 Rd5 36.Rg6 f4
37.Bxf4 d3 38.Bd2 Rxh5 39.Rxa7 Rxb5 40.Bxh6 Kh7 41.Rxf6 Rb1+ 42.Kh2 Rb5 43.Bd2 Rh5+  1-0

[Event "Mondorf op"]
[Site "Mondorf"]
[Date "1991.??.??"]
[Round "5"]
[White "Watson, William N"]
[Black "Adrian, Claude"]
[Result "1/2-1/2"]
[WhiteElo "2525"]
[BlackElo "2275"]

1.e4 e6 2.d4 d5 3.Nc3 Bb4 4.e5 Ne7 5.a3 Bxc3+ 6.bxc3 c5 7.Nf3 b6 8.Bb5+ Bd7
9.Bd3 Ba4 10.h4 Nbc6 11.h5 h6 12.Rh4 c4 13.Bf1 Kd7 14.g3 Qg8 15.Bh3 Qh7 16.Ra2 Raf8
17.Be3 Kc7 18.Rb2 Nf5 19.Rf4 g5 20.hxg6  1/2-1/2

[Event "Russian Winter op"]
[Site "Moscow"]
[Date "1991.??.??"]
[Round "?"]
[White "Yagupov, Igor"]
[Black "Muratov, Vladimir A"]
[Result "0-1"]
[WhiteElo "2405"]
[BlackElo "2410"]

1.e4 e6 2.d4 d5 3.Nc3 Bb4 4.e5 Qd7 5.Bd2 b6 6.Bb5 c6 7.Ba4 a5 8.a3 Bf8 9.Nce2 Ba6
10.c3 Ne7 11.Nf4 g6 12.h4 h5 13.g4 hxg4 14.Qxg4 Nf5 15.h5 Ng7 16.Bc2 gxh5
17.Nxh5 Nxh5 18.Rxh5 Rxh5 19.Qxh5 c5 20.Nf3 Nc6 21.Bg5 cxd4 22.cxd4 Rc8 23.Kd2 Nd8
24.Bxd8 Qb5 25.Ng5 Kxd8 26.Nxf7+ Kd7 27.Ng5 Be7 28.Nxe6 Qxb2 29.Rc1 Bxa3
30.Qf7+ Kc6 31.Rg1 Bb4+ 32.Ke3 Qxc2 33.Nd8+ Rxd8 34.Qg6+ Qxg6 35.Rxg6+ Kb5
36.f4 Bc8 37.e6 Rf8  0-1